[Event "Lica vs Moisés"]
[Site "http://www.queenalice.com/game.php?id=157033"]
[Date "2007.1.21"]
[Round "-"]
[White "lica"]
[Black "mecking"]
[Result "0-1"]
[WhiteElo "1129"]
[BlackElo "1563"]

1. e4 c5 2. Nf3 Nf6 3. c4 Nxe4 4. Qe2 Nf6 5. Qe5 e6 6. Nc3 Nc6 7. Qe3 b6 8. b3
Nb4 9. g3 Nc2+ 10. Kd1 Nxe3+ 11. Ke2 Nxf1 12. Nb5 a6 13. Nc3 Nxg3+ 14. hxg3 d5
15. Kd1 Bb7 16. Ng5 Ng4 17. Rf1 Qxg5 18. a4 d4 19. Ne4 Bxe4 20. d3 Bf3+ 21. Kc2
Qf5 22. a5 b5 23. b4 Be2 24. Re1 Qxd3+ 25. Kb2 Qc3+ 26. Kb1 Bd3+ 27. Ka2 Qc2+
28. Bb2 Bxc4+ 29. Ka3 cxb4# 0-1

[Event "AUTO-INT-322"]
[Site "http://www.queenalice.com/game.php?id=158543"]
[Date "2007.1.24"]
[Round "1"]
[White "uire"]
[Black "mecking"]
[Result "0-1"]
[WhiteElo "1825"]
[BlackElo "1694"]

1. d4 d5 2. Nc3 c6 3. Nf3 Nf6 4. g3 h6 5. b3 Qa5 6. Bd2 Qc7 7. Bf4 Qd8 8. e3 Ne4
9. Nxe4 dxe4 10. Ne5 Be6 11. Bg2 g5 12. Nxf7 Bxf7 13. Bxe4 gxf4 14. exf4 Qa5+
15. Kf1 Qc3 16. f5 Bg7 17. Qg4 Qxa1+ 18. Kg2 Qxd4 19. Rd1 Qf6 20. a4 Nd7 21. c4
Rd8 22. Qe2 h5 23. h4 O-O 24. g4 Qxh4 25. Rh1 Qxg4+ 26. Qxg4 hxg4 27. f3 gxf3+
28. Kxf3 Nf6 29. Bc2 b5 30. cxb5 Bd5+ 0-1

[Event "AUTO-INT-322"]
[Site "http://www.queenalice.com/game.php?id=158544"]
[Date "2007.1.24"]
[Round "1"]
[White "mecking"]
[Black "uire"]
[Result "1-0"]
[WhiteElo "1787"]
[BlackElo "1613"]

1. e4 e5 2. Nf3 Nc6 3. Bb5 d6 4. d4 exd4 5. Nxd4 Bd7 6. Nxc6 bxc6 7. Ba4 Nf6 8.
O-O Nxe4 9. Re1 d5 10. f3 Bc5+ 11. Be3 Bxe3+ 12. Rxe3 O-O 13. fxe4 Re8 14. Qf3
dxe4 15. Rxe4 Rb8 16. Bb3 Be6 17. Nc3 Qd6 18. Rd1 Qc5+ 19. Kh1 Bxb3 20. Rxe8+
Rxe8 21. cxb3 Qe7 22. h3 c5 23. Rf1 f6 24. Qg3 c6 25. Qf3 Qe6 26. Rf2 Qd7 27.
Na4 Qd6 28. Rf1 Re5 29. Rd1 Qc7 30. Qd3 Re8 31. Nxc5 Qe5 32. Qc4+ Kh8 33. Nd3
Qd6 34. Qf7 Qd8 35. Qxa7 Re7 36. Qc5 Qd7 37. Kg1 h6 38. Re1 Rxe1+ 39. Nxe1 Qd1
40. Kf1 Qd2 41. Qxc6 1-0

[Event "AUTO-INT-322"]
[Site "http://www.queenalice.com/game.php?id=158557"]
[Date "2007.1.24"]
[Round "1"]
[White "MarceloLopes"]
[Black "mecking"]
[Result "0-1"]
[WhiteElo "1659"]
[BlackElo "1773"]

1. e4 c5 2. d3 Nc6 3. Nc3 e6 4. Nb5 g6 5. Bf4 Qa5+ 6. Nc3 Bg7 7. Bd2 Qd8 8. Bf4
Bd4 9. Nb5 Bxb2 10. Rb1 Qa5+ 11. Nc3 Bxc3+ 12. Bd2 Bxd2+ 13. Qxd2 Qxa2 14. Rc1
Qb2 15. Ne2 Nd4 16. Nxd4 Qxd4 17. h3 b6 18. g4 Bb7 19. Bg2 Ne7 20. c3 Qe5 21. d4
cxd4 22. cxd4 Qa5 23. Qxa5 bxa5 24. Ra1 Nc6 25. d5 exd5 26. exd5 Ne5 27. O-O Nc4
28. Rfe1+ Kf8 29. Rec1 Nb6 30. Rd1 a4 31. g5 Rc8 32. h4 Rc4 33. d6 Bxg2 34. Kxg2
Rxh4 35. Kg3 Rc4 36. Ra2 h6 37. Rh1 Kg7 38. gxh6+ Rxh6 39. Re1 Rd4 40. Rc1 Rh5
41. Rc7 Ra5 42. Kf3 Rxd6 43. Ke3 Nd5+ 44. Ke4 Nxc7 45. Rc2 Nb5 46. Ke3 a3 0-1

[Event "AUTO-INT-322"]
[Site "http://www.queenalice.com/game.php?id=158558"]
[Date "2007.1.24"]
[Round "1"]
[White "mecking"]
[Black "MarceloLopes"]
[Result "1-0"]
[WhiteElo "1661"]
[BlackElo "1698"]

1. e4 e5 2. Nf3 d6 3. c3 Bg4 4. d4 Qf6 5. Be2 Ne7 6. d5 c6 7. h3 Bxf3 8. Bxf3
cxd5 9. exd5 Nf5 10. O-O Be7 11. Nd2 O-O 12. Ne4 Qg6 13. Bh5 Ne3 14. Bxg6 Nxd1
15. Bh5 Nxf2 16. Rxf2 g6 17. Be2 Bd8 18. Bh6 Re8 19. Nf6+ Bxf6 20. Rxf6 Rd8 21.
Bg4 Na6 22. Raf1 b5 23. Rxf7 Rab8 24. Be6 Rf8 25. Rxf8# 1-0

[Event "AUTO-INT-322"]
[Site "http://www.queenalice.com/game.php?id=158566"]
[Date "2007.1.24"]
[Round "1"]
[White "mecking"]
[Black "davividal"]
[Result "0-1"]
[WhiteElo "1681"]
[BlackElo "1653"]

1. e4 e5 2. Nf3 Nc6 3. Bb5 a6 4. Bxc6 dxc6 5. O-O Bg4 6. d3 Qf6 7. Nbd2 Ne7 8.
a3 Ng6 9. h3 h5 10. d4 Rd8 11. c3 exd4 0-1

[Event "Challenge"]
[Site "http://www.queenalice.com/game.php?id=163709"]
[Date "2007.2.5"]
[Round "-"]
[White "mecking"]
[Black "lica"]
[Result "1-0"]
[WhiteElo "1658"]
[BlackElo "1218"]

1. e4 e5 2. Bb5 c6 3. Bc4 Nf6 4. d3 Bb4+ 5. c3 Bc5 6. Nf3 Qe7 7. O-O b5 8. Bb3
d5 9. exd5 a5 10. Nxe5 Qxe5 11. Re1 Qxe1+ 12. Qxe1+ Kf8 13. d4 Bd6 14. dxc6 Nxc6
15. Bg5 Ne4 16. Qxe4 Ra7 17. Qxc6 h6 18. Qxd6+ Re7 19. Qxe7+ Kg8 20. Qxf7+ Kh7
21. Bc2+ Bf5 22. Bxf5# 1-0

[Event "Challenge"]
[Site "http://www.queenalice.com/game.php?id=172448"]
[Date "2007.2.22"]
[Round "-"]
[White "mecking"]
[Black "magdaandreia"]
[Result "1-0"]
[WhiteElo "1622"]
[BlackElo "1356"]

1. e4 e5 2. Nf3 Bd6 3. Nc3 c6 4. Bc4 Qf6 5. d3 Qg6 6. O-O h5 7. d4 exd4 8. Qxd4
c5 9. Qd1 Nc6 10. Nb5 Be7 11. Nc7+ Kd8 12. Nxa8 Qxe4 13. Bxf7 Nf6 14. Ng5 Qe5
15. Bf4 Qxf4 16. Ne6# 1-0

[Event "Challenge"]
[Site "http://www.queenalice.com/game.php?id=178214"]
[Date "2007.3.7"]
[Round "-"]
[White "mecking"]
[Black "lica"]
[Result "1-0"]
[WhiteElo "1635"]
[BlackElo "1277"]

1. e4 e5 2. Nf3 d5 3. exd5 Qxd5 4. Nc3 Qa5 5. Bb5+ Kd8 6. O-O c6 7. Bc4 Be6 8.
Bxe6 fxe6 9. d3 Nd7 10. Bd2 Be7 11. Re1 Ngf6 12. Qe2 Rc8 13. Ne4 Qb6 14. Bc3 c5
15. Qd2 a5 16. Bxa5 Nxe4 17. Bxb6+ Ke8 18. Qa5 Nef6 19. Nxe5 c4 20. Nxd7 Nxd7
21. Rxe6 Rf8 22. Rae1 cxd3 23. Rxe7# 1-0

[Event "Challenge"]
[Site "http://www.queenalice.com/game.php?id=179283"]
[Date "2007.3.9"]
[Round "-"]
[White "mecking"]
[Black "davividal"]
[Result "1-0"]
[WhiteElo "1732"]
[BlackElo "1697"]

1. e4 e5 2. Nf3 Nc6 3. c3 Nf6 4. Bd3 Bc5 5. Bc2 d6 6. d3 Ng4 7. O-O O-O 8. Bg5
f6 9. Bd2 g5 10. h3 Nh6 11. Nh2 a6 12. h4 Nf7 13. Qh5 Bd7 14. hxg5 Nxg5 15. Bxg5
fxg5 16. Ng4 Be8 17. Bb3+ Kh8 18. Qh6 Rf4 19. Nh2 Bg6 20. g3 Rf6 21. Qxg5 Qe7
22. Ng4 Rff8 23. Qxe7 Nxe7 24. Nd2 c6 25. Kg2 Ng8 26. Rh1 h5 27. Rae1 Kg7 28.
Ne3 Nh6 29. Bd1 Bxe3 30. Rxe3 Ng4 31. Bxg4 hxg4 32. Rh4 Rf6 33. Rxg4 Raf8 34.
Rf3 Kh7 35. Rxf6 Rxf6 36. f4 exf4 37. Rxf4 Rxf4 38. gxf4 b5 39. d4 Kg7 40. e5
dxe5 41. dxe5 Kf7 42. Kf3 Ke6 43. Ke3 c5 44. c4 Kd7 45. a3 Bf5 46. Ne4 Kc6 47.
cxb5+ axb5 48. b4 c4 49. Nc3 Bd3 50. Kd4 Bf5 51. a4 bxa4 52. Nxa4 Kb5 53. Nb2
Kxb4 54. Nxc4 Be6 55. Nd6 1-0

[Event "Challenge"]
[Site "http://www.queenalice.com/game.php?id=181221"]
[Date "2007.3.13"]
[Round "-"]
[White "magdaandreia"]
[Black "mecking"]
[Result "0-1"]
[WhiteElo "1385"]
[BlackElo "1789"]

1. e4 c5 2. Bc4 e6 3. Nf3 a6 4. O-O Nf6 5. Nc3 b6 6. Ng5 Bb7 7. Re1 h6 8. Nh3 d5
9. exd5 Nxd5 10. Ne4 Qh4 11. d3 Ne7 12. Nd6+ Kd7 13. Nxb7 Ra7 14. Qf3 Qf6 15.
Qg3 Rxb7 16. c3 Nf5 17. Qf3 Ra7 18. Bb3 Bd6 19. g4 Nh4 20. Qxf6 gxf6 21. Be3
Nf3+ 22. Kf1 Nxe1 23. Kxe1 Bxh2 24. c4 Nc6 25. Ke2 Ne5 26. Rh1 Nxg4 27. f3 Nxe3
28. Rxh2 Nf5 29. Nf4 h5 30. Ba4+ Kd6 31. Rxh5 Ng3+ 32. Kf2 Nxh5 33. Nh3 b5 34.
Bd1 f5 35. Ng5 Nf4 36. Bc2 f6 37. Ne4+ fxe4 38. dxe4 Ke5 39. Bb3 Nd3+ 40. Ke3
Rd7 41. cxb5 axb5 42. Bc2 Nxb2 43. f4+ Kd6 44. Bb3 Ke7 45. a3 Rd3+ 46. Ke2 Rh2+
47. Ke1 c4 48. a4 cxb3 49. axb5 Rd1# 0-1

[Event "AUTO-ADV-436"]
[Site "http://www.queenalice.com/game.php?id=182263"]
[Date "2007.3.15"]
[Round "1"]
[White "eraswsky"]
[Black "mecking"]
[Result "1-0"]
[WhiteElo "1858"]
[BlackElo "1789"]

1. Nf3 d5 2. b3 Bg4 3. e3 Nd7 4. Be2 e5 5. Bb2 Bd6 6. O-O Ne7 7. c4 O-O 8. d4 e4
9. Ne1 Bxe2 10. Qxe2 c6 11. Nd2 Qa5 12. f3 Bb4 13. Nb1 Rfe8 14. a3 Bxe1 15. Rxe1
exf3 16. gxf3 Nf5 17. e4 c5 18. cxd5 cxd4 19. Qf2 Nc5 20. b4 Nd3 21. bxa5 1-0

[Event "AUTO-ADV-436"]
[Site "http://www.queenalice.com/game.php?id=182264"]
[Date "2007.3.15"]
[Round "1"]
[White "mecking"]
[Black "eraswsky"]
[Result "1-0"]
[WhiteElo "1756"]
[BlackElo "1879"]

1. e4 c5 2. Nf3 Nc6 3. d4 cxd4 4. Nxd4 e6 5. Nc3 Bb4 6. Nxc6 bxc6 7. Qd4 Bxc3+
8. Qxc3 Qf6 9. e5 Qg6 10. Bd2 Ne7 11. O-O-O a5 12. Qc5 Ba6 13. Qxa5 Bb7 14. Qb4
Rxa2 15. Kb1 Ra7 16. Be3 Nd5 17. Rxd5 1-0

[Event "AUTO-ADV-436"]
[Site "http://www.queenalice.com/game.php?id=182277"]
[Date "2007.3.15"]
[Round "1"]
[White "LeAnDrU"]
[Black "mecking"]
[Result "0-1"]
[WhiteElo "1826"]
[BlackElo "1753"]

1. e4 c5 2. Nf3 e6 3. d4 cxd4 4. Nxd4 Bc5 5. Nc3 Qb6 6. Na4 Qa5+ 7. c3 Be7 8.
Nb5 a6 9. b4 Qd8 10. Nd6+ Bxd6 11. Qxd6 Nc6 12. Be3 b5 13. Nb6 Rb8 14. Nxc8 Rxc8
0-1

[Event "AUTO-ADV-436"]
[Site "http://www.queenalice.com/game.php?id=182278"]
[Date "2007.3.15"]
[Round "1"]
[White "mecking"]
[Black "LeAnDrU"]
[Result "1-0"]
[WhiteElo "1772"]
[BlackElo "1826"]

1. e4 e5 2. Nf3 Nc6 3. Bb5 a6 4. Bxc6 dxc6 5. O-O f6 6. d3 Be6 7. b3 Bc5 8. Bb2
Ne7 9. d4 exd4 10. Bxd4 Bd6 11. Nc3 O-O 12. Be3 Bb4 13. Na4 b5 14. Nc5 1-0

[Event "AUTO-ADV-436"]
[Site "http://www.queenalice.com/game.php?id=182287"]
[Date "2007.3.15"]
[Round "1"]
[White "mecking"]
[Black "Juanjo"]
[Result "0-1"]
[WhiteElo "1790"]
[BlackElo "1993"]

1. e4 e5 2. Nf3 Nc6 3. Bb5 a6 4. Bxc6 dxc6 5. O-O Bd6 6. d3 Ne7 7. Nbd2 O-O 8.
Nc4 Ng6 9. c3 Be6 10. Nxd6 cxd6 11. Qa4 b5 12. Qd1 h6 13. Be3 f5 14. exf5 Rxf5
15. Nd2 Qf8 16. Ne4 Bd5 17. a4 Rd8 18. axb5 axb5 19. Ra7 Rf7 20. Ra5 Nf4 21. Qc2
Rb7 22. Qd2 Rf7 0-1

[Event "AUTO-ADV-436"]
[Site "http://www.queenalice.com/game.php?id=182288"]
[Date "2007.3.15"]
[Round "1"]
[White "Juanjo"]
[Black "mecking"]
[Result "1-0"]
[WhiteElo "2001"]
[BlackElo "1782"]

1. e4 e5 2. Nf3 d6 3. d4 exd4 4. Qxd4 Nc6 5. Bb5 Bd7 6. Bxc6 Bxc6 7. Nc3 h6 8.
Be3 Nf6 9. O-O-O Be7 10. g4 Qd7 11. h3 Qe6 12. Rhe1 Nxe4 13. Nxe4 Qxe4 14. Qxg7
O-O-O 15. Nd4 Rh7 16. f3 Qxe3+ 17. Rxe3 Rxg7 18. Rxe7 Bd7 19. Rde1 h5 20. Kd2
hxg4 21. hxg4 Rf8 22. c4 1-0

[Event "Duelo catarinense"]
[Site "http://www.queenalice.com/game.php?id=207377"]
[Date "2007.5.7"]
[Round "-"]
[White "magdaandreia"]
[Black "mecking"]
[Result "1-0"]
[WhiteElo "1410"]
[BlackElo "1786"]

1. e4 c5 2. Bc4 Nc6 3. Qf3 Ne5 4. Qf5 Nxc4 5. Qxc5 Nb6 6. Nf3 e6 7. Qe3 Nf6 8.
e5 Nfd5 9. Qd3 Nf4 10. Qe4 Ng6 11. Nc3 Be7 12. O-O 1-0